Lenguaje y comunicación 1, Primer Año de Enseñanza Básica: cuaderno de escritura

Saved in:
Bibliografiske detaljer
Main Authors: Lizana Valenzuela, Marcela (autora), Sarabaia González, Marcela (Author), Valenzuela Lecaros, Claudia Andrea (Author)
Format: Bog
Sprog:spansk
Udgivet: Santiago Arrayán 2008
Fag:
Tags: Tilføj Tag
Ingen Tags, Vær først til at tagge denne postø!

MARC

LEADER 00000nam a2200000 a 4500
001 UCI5765
003 CL-VaPUC
008 080404e20080000CL |||||||||||||||||spa|d
020 |a 956240577X 
082 0 4 |a 372.6  |b LIZ  |2 21 
100 |a Lizana Valenzuela, Marcela  |e autora  |9 528382 
700 0 |a Sarabaia González, Marcela  |e author  |9 528371 
700 0 |a Valenzuela Lecaros, Claudia Andrea  |e author  |9 528372 
245 1 0 |a Lenguaje y comunicación 1, Primer Año de Enseñanza Básica: cuaderno de escritura 
300 |a 112 p 
942 |c BK 
945 |d 20080404 00:00:00  |a jtorresc 
260 |a Santiago  |b Arrayán  |c 2008 
650 0 |a Educación básica   |9 224933 
650 0 |a Educación lingüística  |9 306506 
650 0 |a Comprensión de lectura  |9 307588 
650 0 |a Enseñanza de la escritura  |9 307377 
650 0 |a Métodos de enseñanza  |9 270413 
583 |a last modification  |c 20130527 14:36:17  |k Rodrigo Vera 
999 |c 329457  |d 329455 
952 |0 0  |1 0  |4 0  |6 372_600000000000000_LIZ_2008  |7 0  |8 A  |9 414188  |a BIBEDU  |b BIBEDU  |d 2019-11-22  |i 4421175  |o 372.6 LIZ 2008  |p 4421175  |r 2019-11-22  |w 2019-11-22  |y BK  |k EDU